| 000 | 00413nam a22001697a 4500 | ||
|---|---|---|---|
| 005 | 20160429141935.0 | ||
| 008 | 160429b xxu||||| |||| 00| 0 eng d | ||
| 020 | _a023-063729-9 | ||
| 041 | _aeng | ||
| 082 | _b00896 | ||
| 100 |
_aRamaswamy V.S Namakumaris _9251 |
||
| 245 | _aMarketing Management | ||
| 260 |
_bMAC Millan Publishes India Ltd. _c1990 |
||
| 300 | _a871 | ||
| 650 |
_aManagement _9241 |
||
| 942 | _cBK | ||
| 999 |
_c289 _d289 |
||